00378nam a2200133 a 450000500170000000800410001705000270005810000270008524500450011226000410015730000090019844000250020765000120023220140412111328.0101230s19uu xx 00 eng d aTR(GS 428.4bC793 2000 aTrent, Jennifer Cooper aMy Chicken pox /cJennifer Cooper Trent. aPhils :bMomentum multimedia,c2000. aunp. aFan- tas-tic Phonics aPhonics